000
00241nam a2200097Ia 4500
001
945487
005
20250826215423.0
008
250824s9999 xx 000 0 und d
245
0
_a
ANNELER GÜNÜ
_c
İLHAN SOYTÜRK
260
_b
AKVARYUM YAYINLARI
999
_c
945487
_d
945487